Gregor's garden /

Saved in:
Bibliographic Details
Main Author: Stacho, Monika 1977- (Author)
Format: Book
Language:English
Slovak
Published: Bratislava : Ľubo Stacho, 2022
Edition:1. vydanie
Tags: Add Tag
No Tags, Be the first to tag this record!

MARC

LEADER 00000nam a22000003a 4500
001 0094273
003 SK-STU
005 20220301081257.1
007 ta
008 220301s ----xo-----e------000-0-----d
020 |a 978-80-570-3717-0 
035 |a biblio/463212  |2 CREPC2 
040 |a STU  |b slo 
041 0 |a eng  |a slo 
044 |a xo 
100 1 |a Stacho, Monika  |d 1977-  |u 059190  |4 aut  |r Z1  |9 100  |U FAD Fakulta architektúry a dizajnu  |T FAD Ústav dizajnu  |X 87921  |U A9190  |Y 400  |7 A000087921 
245 1 0 |a Gregor's garden /  |c aut. Monika Stacho 
246 3 1 |a Gregorova záhrada 
250 |a 1. vydanie 
260 |a Bratislava :  |b Ľubo Stacho,  |c 2022 
300 |a 101 s. [6,4 AH]  |b 200 ks. 
996 |b 284AU10520  |c A* 13691/U  |l AAKNAR  |s A  |a 24  |w 0094273_0001